| 000 | 00492nam a22001577a 4500 | ||
|---|---|---|---|
| 003 | OSt | ||
| 005 | 20260128053724.0 | ||
| 008 | 260128b |||||||| |||| 00| 0 eng d | ||
| 020 | _a971-87-05-65-1. | ||
| 040 |
_aDWC-Main lib. _cOC |
||
| 082 | _aSC. 808.8 Et57 | ||
| 245 |
_aEtnikong bokabularyong bikol: _bisang pagtitipon at pagsasalin sa anim na probinsiya ng rehiyon V/ |
||
| 260 |
_aManila: _bKomisyon Sa Wikang Filipino |
||
| 300 |
_aiii, 261 p. ; _c23 cm. |
||
| 942 |
_2ddc _cSC _hSC. _n0 |
||
| 999 |
_c7896 _d7896 |
||